Equipamentos básicos de laboratório por foto - Statistics

Estatísticas Gerais
  • Esse quiz foi jogado 17 vezes
  • A pontuação média é 10 de 27
Estatísticas das Respostas
Imagem Resposta % Correto
Tubo de ensaio
88%
Pêra
63%
Placa de petri
63%
Balão volumétrico
50%
bico de bunsen
50%
galeria ou estante
50%
lâmina
50%
Proveta
50%
balão de destilação
38%
Becker
38%
Erlenmeyer
38%
Lamparina
38%
Ponteira de pipeta
38%
Balão de fundo redondo
25%
bureta
25%
funil de decantação
25%
Gral e pistilo
25%
kitassato
25%
lamínula
25%
Micropipeta
25%
Pipetador automático
25%
Pisseta
25%
vidro de relógio
25%
Eppendorf ou microtubo
13%
funil de butcher
13%
Pipeta de vidro
13%
Tubo falcon
13%
Nenhum quiz correspondente encontrado
Distribuição das Pontuações
Porcentagem de Pessoas com Cada Pontuação
Percentil de Números Respondidos
Sua Pontuação Histórica
Você não jogou esse quiz